000 004530000a22001930004500
999 _c49302
_d49302
001 2156
003 CO-MdFUSB
005 20170926150909.0
008 170926b xxu||||| |||| 00| 0 eng d
020 _a978-0-8254-1218-9
040 _cCO-MdBIC
082 0 4 _a868HC An23a
100 1 _aAnderson, Debby
245 1 0 _aYo amo la bilbia / Debby Anderson
260 _aUSA : Portavoz
300 _a(32 P.)
650 1 4 _aCuento Cristiano
942 _cLGB